| 000 | 00842nam a22001817a 4500 | ||
|---|---|---|---|
| 999 |
_c59126 _d59126 |
||
| 003 | Ge_BSU | ||
| 005 | 20221129102821.0 | ||
| 008 | 221129s1968ge xxu||||| |||| 00| 0 geo d | ||
| 041 | _ageo | ||
| 080 | _a821.111-31 უ -11 | ||
| 100 |
_aუაილდი, ოსკარ, 1854-1900. _916183 |
||
| 245 |
_aდორიან გრეის პორტრეტი = The picture of Dorian Gray / _cოსკარ უაილდი ; თარგმანი ინგლ. თ. მაღრაძისა. |
||
| 264 |
_aთბილისი : _bლიტერატურა და ხელოვნება, _c 1968. |
||
| 300 |
_a287 გვ. ; _b22 სმ. |
||
| 653 | _aდორიან გრეის პორტრეტი | ||
| 700 |
_aმაღრაძე,თ _eმთარგმნელი _916184 |
||
| 942 |
_2udc _cBK |
||